00918cam a2200265 a 45000010008000000030004000080050017000120080041000290100017000700200015000870200036001020400018001380430012001560500022001680820024001902450130002142600047003443000026003915040051004176500061004686500057005296500025005867000023006117000018006343526646GZU20210317085227.0960909s1996 nju b 001 0 eng  a 96043316  a0865435340 a0865435359 (paper : alk. paper) aDLCcDLCdDLC af------00aPL8010b.L36 199600a809/.8896/0090422004aThe language of African literature /cedited by Edmund L. Epstein and Robert Kole, with an introduction by Edmund L. Epstein. aTrenton, NJ :bAfrica World Press,cc1996. axii, 298 p. ;c22 cm. aIncludes bibliographical references and index. 0aAfrican literaturey20th centuryxHistory and criticism. 0aAfrican literature (English)xHistory and criticism. 0aNarration (Rhetoric)1 aEpstein, Edmund L.1 aKole, Robert.